[Event "USCL Week 9"]
[Site "Internet Chess Club"]
[Date "2014.10.22"]
[Round "?"]
[White "Bregadze, Levan"]
[Black "Shmelov, Denys"]
[Result "1-0"]
[WhiteElo "2530"]
[BlackElo "2473"]
[PlyCount "237"]
[EventDate "2014.??.??"]

1. e4 c6 2. Nc3 d5 3. Nf3 Bg4 4. h3 Bxf3 5. Qxf3 Nf6 6. d3 e6 7. g4 Bb4 8. g5
Nfd7 9. a3 Qa5 10. Rb1 Bxc3+ 11. bxc3 Qxc3+ 12. Kd1 O-O 13. h4 dxe4 14. Qxe4
Nc5 15. Qe3 Qa5 16. g6 hxg6 17. h5 Na4 18. Bd2 Qd5 19. Rh4 b5 20. h6 Nd7 21.
hxg7 Kxg7 22. Qh6+ Kf6 23. Bg5+ Qxg5 24. Rf4+ Qxf4 25. Qxf4+ Ke7 26. Qb4+ c5
27. Qh4+ f6 28. Kd2 g5 29. Qh7+ Rf7 30. Qe4 Rb8 31. Qc6 Rb6 32. Qc7 Kf8 33. Bg2
Ne5 34. Qd8+ Kg7 35. Rh1 Ng6 36. Be4 f5 37. Bg2 g4 38. Qg5 Rb8 39. Rh6 Rf6 40.
Rh7+ Kxh7 41. Qxf6 Rb6 42. Qd8 a6 43. Bc6 Rxc6 44. Qd7+ Ne7 45. Qxe7+ Kh6 46.
Qf6+ Kh7 47. Ke3 Nb6 48. Qf7+ Kh6 49. Kf4 Nd5+ 50. Ke5 c4 51. dxc4 bxc4 52. a4
c3 53. Qe8 Rb6 54. a5 Rb5 55. Qxe6+ Kg7 56. Qd7+ Kh6 57. Kxf5 Ne3+ 58. Kf4 Nd5+
59. Kg3 Rxa5 60. Qd8 Rb5 61. Qd6+ Kg7 62. Qxa6 Rb6 63. Qa7+ Kf6 64. Kxg4 Rb4+
65. Kg3 Ke5 66. Qg7+ Kf5 67. f3 Ke6 68. Qg5 Kd6 69. Qh6+ Kc5 70. Qf8+ Kc6 71.
Qa8+ Kd6 72. Qa5 Ke5 73. Qc5 Ke6 74. Kf2 Ke5 75. Ke2 Rd4 76. Ke1 Rd2 77. Qf8
Kd4 78. f4 Rxc2 79. Qh8+ Kc4 80. f5 Rb2 81. Qc8+ Kd4 82. Qc6 Rd2 83. Qd7 Kc4
84. Qc6+ Kd4 85. Qh6 Rb2 86. Qc6 Rd2 87. Qd6 Kc4 88. Qe5 Rb2 89. Qe4+ Kc5 90.
Kd1 Rd2+ 91. Kc1 Rb2 92. Qf3 Kc4 93. Qf1+ Kc5 94. Qg1+ Kc4 95. Qg4+ Kc5 96. Qg5
Kc4 97. Qg8 Kc5 98. Qf8+ Kc4 99. Qf7 Kd4 100. Qa7+ Kc4 101. Qa6+ Kd4 102. Qa4+
Kc5 103. Qe4 Rd2 104. Qf3 Kc4 105. Qf1+ Kb3 106. Qe1 Rc2+ 107. Kd1 Kb2 108. Qe4
Rd2+ 109. Ke1 c2 110. Qe5+ Kb1 111. Qb8+ Kc1 112. f6 Rd1+ 113. Kf2 Rd2+ 114.
Ke1 Rd1+ 115. Kf2 Kd2 116. Qb2 Nxf6 117. Qd4+ Kc1 118. Qxf6 Rd2+ 119. Ke3 1-0

[Event "USCL Week 9"]
[Site "Internet Chess Club"]
[Date "2014.10.22"]
[Round "?"]
[White "Holt, Conrad"]
[Black "Gonzalez, Federico"]
[Result "1-0"]
[WhiteElo "2664"]
[BlackElo "2315"]
[PlyCount "233"]
[EventDate "2014.??.??"]

1. d4 e6 2. c4 Nf6 3. Nf3 d5 4. Nc3 Be7 5. Bf4 O-O 6. e3 b6 7. Be2 Bb7 8. O-O
Nbd7 9. cxd5 Nxd5 10. Nxd5 Bxd5 11. Qc2 c5 12. Rfd1 c4 13. e4 Bb7 14. Bxc4 Rc8
15. Qe2 Bxe4 16. Ba6 Bxf3 17. Qxf3 Nf6 18. Bxc8 Qxc8 19. Rac1 Qa6 20. Qd3 Qxd3
21. Rxd3 Nd5 22. Bg3 h5 23. h4 Rd8 24. a3 Bf6 25. Rc2 Ne7 26. Rc7 Nf5 27. Rxa7
Bxd4 28. Kf1 Rc8 29. Bc7 e5 30. b4 Re8 31. Rb7 Re6 32. a4 Rc6 33. g3 Rc4 34.
Bxb6 Rxb4 35. a5 Ra4 36. Rf3 g6 37. Rd7 Ra2 38. Rd5 Bxb6 39. axb6 Rb2 40. Rxe5
Rxb6 41. Rf4 Kg7 42. Ke2 Rb3 43. Rd5 Ra3 44. Rd3 Ra2+ 45. Kf3 Ra7 46. Re4 Rb7
47. Kf4 Rb2 48. Kf3 Rb7 49. Ra3 Rc7 50. Rea4 Rb7 51. Ra7 Rb4 52. Rd7 Rb2 53.
Raa7 Nh6 54. Re7 Rc2 55. Re2 Rc4 56. Rd7 Nf5 57. Re4 Rc2 58. Rf4 Nh6 59. Ke3
Ra2 60. Kd3 Rb2 61. Kc4 Nf5 62. Kc5 Rc2+ 63. Kb6 Rc3 64. Rc7 Rb3+ 65. Ka7 Rb2
66. Rb7 Rc2 67. Kb8 Re2 68. Rd7 Rc2 69. Kb7 Rc3 70. Kb6 Rc2 71. Rd5 Nh6 72. Rc5
Ra2 73. Rc7 Nf5 74. Rcc4 Rb2+ 75. Kc5 Rd2 76. Rc1 Nh6 77. Re1 Nf5 78. Kc4 Ra2
79. Kd3 Rb2 80. Ke4 Rb4+ 81. Kf3 Rb3+ 82. Kg2 Rb5 83. Rd1 Ra5 84. Rd3 Rb5 85.
Kh3 Rb1 86. Rd5 Nh6 87. Rd2 Rb3 88. Re2 Ra3 89. f3 Rb3 90. Kh2 Nf5 91. Rf2 Ra3
92. Kh3 Rb3 93. Rg2 Ra3 94. Rg1 Ra5 95. Rf1 Ra3 96. Rf2 Rb3 97. Re2 Nh6 98. Kg2
Nf5 99. Kf2 Ra3 100. Rb2 Ra7 101. Rc4 Rd7 102. Rc3 Ra7 103. Kg2 Ra4 104. Rcb3
Ra1 105. Rb1 Ra4 106. Kh3 Nd4 107. Rd3 Nf5 108. g4 hxg4+ 109. fxg4 Nh6 110. Rg3
Rc4 111. Rf1 Ra4 112. Rgf3 Ra5 113. g5 Nf5 114. h5 f6 115. hxg6 Kxg6 116. gxf6
Kxf6 117. Kg4 1-0

[Event "USCL Wildcard Round"]
[Site "Internet Chess Club"]
[Date "2014.11.05"]
[Round "?"]
[White "Panchanatham, Vignesh"]
[Black "Chandran, Kapil"]
[Result "1-0"]
[WhiteElo "2332"]
[BlackElo "2365"]
[PlyCount "71"]
[EventDate "2014.??.??"]

1. d4 Nf6 2. c4 e6 3. Nf3 c5 4. d5 b5 5. e4 Nxe4 6. Bd3 Nf6 7. O-O Bb7 8. Nc3
Be7 9. Nxb5 exd5 10. cxd5 Bxd5 11. Bf4 d6 12. Re1 O-O 13. Ng5 a6 14. Nxh7 axb5
15. Nxf6+ Bxf6 16. Qh5 g6 17. Bxg6 fxg6 18. Qxd5+ Kg7 19. Qxa8 Bxb2 20. Qb7+
Rf7 21. Bh6+ Kg8 22. Qxb5 Be5 23. f4 Bd4+ 24. Kh1 Nd7 25. Bg5 Qa8 26. Rab1 Qxa2
27. Qd3 Kg7 28. Qh3 Qc2 29. Rb8 Nf8 30. Bh6+ Kg8 31. Bxf8 Rxf8 32. Rxf8+ Kxf8
33. Qc8+ Kf7 34. Qd7+ Kf6 35. Qe7+ Kf5 36. Qg5# 1-0

[Event "USCL Wildcard Round"]
[Site "Internet Chess Club"]
[Date "2014.11.05"]
[Round "?"]
[White "Harris, Ian"]
[Black "Banik, Siddharth"]
[Result "1-0"]
[WhiteElo "2308"]
[BlackElo "2236"]
[PlyCount "89"]
[EventDate "2014.??.??"]

1. d4 Nf6 2. c4 g6 3. Nc3 d5 4. Nf3 Bg7 5. h4 c6 6. cxd5 cxd5 7. Bf4 O-O 8. e3
Nc6 9. Ne5 e6 10. Be2 Nd7 11. Nf3 Nf6 12. Ne5 Nd7 13. Nd3 Re8 14. Kf1 a6 15.
Rc1 Nf6 16. Na4 Ne4 17. f3 Nd6 18. Kf2 Nf5 19. Qb3 Bf6 20. g3 Bd7 21. Ndc5 e5
22. dxe5 Bxe5 23. Nxd7 Bxf4 24. gxf4 Rxe3 25. Qxd5 Qe7 26. Bc4 Re8 27. Nc3 Nb4
28. Qd2 Nd3+ 29. Bxd3 Qxd7 30. Rcd1 Qd4 31. Kg2 Qxf4 32. Qf2 R8e5 33. Bxf5 Rxf5
34. Nd5 Qxf3+ 35. Qxf3 Rexf3 36. Ne7+ Kg7 37. Nxf5+ Rxf5 38. Rhf1 Re5 39. Rd7
Re2+ 40. Rf2 Re4 41. Rfxf7+ Kg8 42. Rg7+ Kf8 43. Rxh7 Kg8 44. Rhe7 Rg4+ 45. Kh3
1-0

[Event "USCL Wildcard Round"]
[Site "Internet Chess Club"]
[Date "2014.11.05"]
[Round "?"]
[White "Naroditsky, Daniel"]
[Black "Rohde, Michael"]
[Result "1/2-1/2"]
[WhiteElo "2675"]
[BlackElo "2548"]
[PlyCount "91"]
[EventDate "2014.??.??"]

1. e4 c5 2. Nf3 e6 3. c3 d5 4. exd5 exd5 5. d4 Nc6 6. Bb5 Bd6 7. O-O Nge7 8.
dxc5 Bxc5 9. Nbd2 O-O 10. Nb3 Bd6 11. Bd3 Ng6 12. Bg5 Qd7 13. Bxg6 hxg6 14. Bh4
a5 15. a4 Re8 16. Bg3 Bf8 17. Nbd4 Nxd4 18. Nxd4 b6 19. Qd2 Ba6 20. Rfd1 Rac8
21. Bf4 Re4 22. f3 Ree8 23. Kh1 f6 24. b3 g5 25. Bg3 g4 26. Re1 Kh8 27. Rxe8
Rxe8 28. Re1 Rxe1+ 29. Qxe1 gxf3 30. Nxf3 Bd3 31. Qe3 Be4 32. Qxb6 Bxf3 33.
gxf3 Qf5 34. Kg2 Qc2+ 35. Bf2 Qg6+ 36. Kh1 Qd3 37. Qe3 Qf1+ 38. Bg1 Bc5 39.
Qe8+ Kh7 40. Qh5+ Kg8 41. Qxd5+ Kh8 42. Qh5+ Kg8 43. Qe8+ Kh7 44. Qh5+ Kg8 45.
Qd5+ Kh8 46. Qh5+ 1/2-1/2

[Event "USCL Wildcard Round"]
[Site "Internet Chess Club"]
[Date "2014.11.05"]
[Round "?"]
[White "Koons, Nat"]
[Black "Katz, Alexander"]
[Result "0-1"]
[WhiteElo "2293"]
[BlackElo "2380"]
[PlyCount "52"]
[EventDate "2014.??.??"]

1. d4 Nf6 2. Nf3 e6 3. c4 Bb4+ 4. Nc3 d5 5. Qb3 c5 6. dxc5 Nc6 7. Bg5 Bxc3+ 8.
Qxc3 d4 9. Qc2 Qa5+ 10. Bd2 Qxc5 11. a3 a5 12. e3 e5 13. Bd3 Qe7 14. Ng5 Ng4
15. Nf3 Nf6 16. Ng5 Nd7 17. h4 Nc5 18. Bxh7 Be6 19. Nxe6 Qxe6 20. Bf5 Qe7 21.
O-O-O e4 22. f3 Nb4 23. axb4 d3 24. bxc5 dxc2 25. Kxc2 Qxc5 26. Bc3 Qxf5 0-1

[Event "USCL Wildcard Round"]
[Site "Internet Chess Club"]
[Date "2014.11.05"]
[Round "?"]
[White "Orlov, Georgi"]
[Black "Stripunsky, Alex"]
[Result "1-0"]
[WhiteElo "2528"]
[BlackElo "2656"]
[PlyCount "77"]
[EventDate "2014.??.??"]

1. Nf3 d5 2. c4 c6 3. e3 Nf6 4. Nc3 e6 5. d4 a6 6. c5 Nbd7 7. b4 g6 8. Bd3 Bg7
9. Bb2 O-O 10. h3 Qc7 11. Na4 a5 12. b5 Ne4 13. Rc1 Re8 14. Qb3 h6 15. Bxe4
dxe4 16. Nd2 e5 17. Nc4 exd4 18. Nd6 Re7 19. exd4 Rb8 20. O-O Nf6 21. Nb6 Be6
22. Qa3 Nd5 23. Nxe4 Nf4 24. Rce1 Bf5 25. f3 Rbe8 26. Nc4 Bxh3 27. Ncd6 Qd7 28.
Nxe8 Rxe8 29. Qe3 Nd5 30. Qd2 Be6 31. Nd6 Ra8 32. a4 Bf8 33. Ba3 Bxd6 34. cxd6
cxb5 35. Qxh6 Nf6 36. d5 Bxd5 37. Qf4 Qf5 38. Qd4 Rd8 39. Re5 1-0

[Event "USCL Wildcard Round"]
[Site "Internet Chess Club"]
[Date "2014.11.05"]
[Round "?"]
[White "Benjamin, Joel"]
[Black "Collyer, Curt"]
[Result "1-0"]
[WhiteElo "2634"]
[BlackElo "2302"]
[PlyCount "101"]
[EventDate "2014.??.??"]

1. e4 b6 2. d4 Bb7 3. Nc3 e6 4. Bd3 Bb4 5. Nge2 Ne7 6. O-O O-O 7. Ng3 Bxc3 8.
bxc3 d6 9. Qg4 Kh8 10. Nh5 Rg8 11. Bg5 Nd7 12. e5 h6 13. f4 Qe8 14. Rae1 Nd5
15. c4 Nb4 16. Re3 Nxd3 17. cxd3 Nf8 18. d5 Nh7 19. exd6 cxd6 20. dxe6 fxe6 21.
Rxe6 Bc8 22. Rfe1 Bxe6 23. Rxe6 Qd7 24. Bh4 Rae8 25. f5 Rxe6 26. fxe6 Qe8 27.
Nf4 g5 28. Be1 gxf4 29. Bc3+ Nf6 30. Qxf4 Qg6 31. Bxf6+ Kh7 32. Qf3 h5 33. h3
Rf8 34. Qb7+ Kh6 35. Bd4 Qg3 36. Qe4 Qg6 37. Qb7 Qg5 38. Qe4 Qg6 39. e7 Rg8 40.
Qf3 Kh7 41. Bf6 Qf7 42. h4 Kg6 43. Qf4 Kh7 44. Qxd6 Rg6 45. Qe5 Rg8 46. d4 Qg6
47. Bg5 Qf7 48. d5 Kg6 49. d6 Qxc4 50. Qf6+ Kh7 51. Qh6# 1-0

[Event "USCL Wildcard Round"]
[Site "Internet Chess Club"]
[Date "2014.11.05"]
[Round "?"]
[White "Klein, Ethan"]
[Black "Golub, David"]
[Result "1/2-1/2"]
[WhiteElo "2022"]
[BlackElo "2270"]
[PlyCount "153"]
[EventDate "2014.??.??"]

1. d4 Nf6 2. c4 g6 3. Nc3 d5 4. Bg5 Bg7 5. Bxf6 Bxf6 6. cxd5 c6 7. Rc1 O-O 8.
dxc6 Qxd4 9. Qxd4 Bxd4 10. cxb7 Bxb7 11. e3 Bf6 12. Nf3 Rd8 13. Be2 Na6 14. O-O
Nb4 15. a3 Nd3 16. Rc2 Bxf3 17. Bxf3 Rac8 18. Rd1 e6 19. g3 Nxb2 20. Rxd8+ Rxd8
21. Ne4 Be5 22. Be2 Na4 23. f4 Bb8 24. Kf2 Kf8 25. Bb5 Nb6 26. Rc6 Ke7 27. Ke2
h6 28. a4 Rc8 29. Rxc8 Nxc8 30. Kd3 Bc7 31. Nc3 Ba5 32. Ne2 Bb6 33. Nc3 Nd6 34.
Bc6 Nf5 35. e4 Nd4 36. Ba8 Nf3 37. h4 h5 38. e5 Nh2 39. Ne4 Ng4 40. Ke2 Nh6 41.
Bb7 Nf5 42. Kf3 Ba5 43. Ba6 Be1 44. Bd3 Bb4 45. Ba6 Kd8 46. Ng5 Ke7 47. Ne4 Kf8
48. Bd3 a5 49. Ba6 Be7 50. Bd3 Ke8 51. Bb5+ Kd8 52. Ke2 Nd4+ 53. Kd3 Nxb5 54.
axb5 Kc7 55. Kc4 Bb4 56. Ng5 Be1 57. Nxf7 Bxg3 58. Nh8 Bxf4 59. Nxg6 Bg3 60.
Nf8 Bxe5 61. Nxe6+ Kb6 62. Ng5 Bf6 63. Nf3 Be7 64. Ng5 a4 65. Ne6 Bf6 66. Kb4
Bxh4 67. Nf4 Be1+ 68. Kxa4 h4 69. Kb3 Bg3 70. Nh3 Kxb5 71. Kc3 Kc5 72. Kd3 Kd5
73. Ke3 Ke5 74. Kf3 Kf5 75. Kg2 Kg4 76. Ng1 h3+ 77. Nxh3 1/2-1/2

[Event "USCL Quarterfinals"]
[Site "Internet Chess Club"]
[Date "2014.11.12"]
[Round "?"]
[White "Herman, Matt"]
[Black "Stukopin, Andrey"]
[Result "1/2-1/2"]
[WhiteElo "2439"]
[BlackElo "2631"]
[PlyCount "40"]
[EventDate "2014.??.??"]

1. e4 c5 2. Nf3 e6 3. Nc3 Nc6 4. d4 cxd4 5. Nxd4 Qc7 6. Be3 a6 7. Qd2 Nf6 8.
O-O-O Be7 9. f3 b5 10. Kb1 Bb7 11. Bf4 e5 12. Nf5 exf4 13. Nd5 Qb8 14. Nxg7+
Kf8 15. Nf5 Qe5 16. Nxf4 h5 17. Nd3 Qe6 18. Nf4 Qe5 19. Nd3 Qe6 20. Nf4 Qe5
1/2-1/2

[Event "USCL Quarterfinals"]
[Site "Internet Chess Club"]
[Date "2014.11.12"]
[Round "?"]
[White "Becerra, Julio"]
[Black "Hungaski, Robert"]
[Result "1/2-1/2"]
[WhiteElo "2626"]
[BlackElo "2551"]
[PlyCount "84"]
[EventDate "2014.??.??"]

1. e4 d6 2. d4 Nf6 3. Nc3 e5 4. dxe5 dxe5 5. Qxd8+ Kxd8 6. Bc4 Be6 7. Bxe6 fxe6
8. f3 a6 9. Nh3 Bd6 10. Nf2 Ke7 11. Be3 Nc6 12. Nd3 Nd7 13. Ne2 b5 14. a4 h6
15. b3 Nb4 16. Nxb4 Bxb4+ 17. Kf2 Bc5 18. Ra2 Bxe3+ 19. Kxe3 Nb6 20. axb5 axb5
21. Rha1 Rxa2 22. Rxa2 Ra8 23. Rxa8 Nxa8 24. Nc1 Nb6 25. Nd3 Nd7 26. h4 g5 27.
hxg5 hxg5 28. Nf2 Nf6 29. Nh3 Nh7 30. Nf2 Nf6 31. Nh3 Nh7 32. b4 c6 33. c3 Kf7
34. Nf2 Nf6 35. Nd3 Nd7 36. Kf2 Kg6 37. Kg3 Kh5 38. Kh3 Kg6 39. Kg3 Kh5 40. Kh3
Kg6 41. Kg4 Nf6+ 42. Kg3 Nd7 1/2-1/2

[Event "USCL Quarterfinals"]
[Site "Internet Chess Club"]
[Date "2014.11.12"]
[Round "?"]
[White "Klein, Ethan"]
[Black "Finegold, Spencer"]
[Result "1-0"]
[WhiteElo "2022"]
[BlackElo "2187"]
[PlyCount "71"]
[EventDate "2014.??.??"]

1. d4 Nf6 2. c4 c5 3. d5 e6 4. Nc3 exd5 5. cxd5 d6 6. e4 g6 7. Nge2 Bg7 8. Ng3
O-O 9. Be2 Re8 10. O-O a6 11. a4 Nbd7 12. Bg5 h6 13. Be3 Rb8 14. Qd2 h5 15. f3
h4 16. Nh1 Nh7 17. Nf2 f5 18. exf5 gxf5 19. Rae1 Ne5 20. Nh3 Nf7 21. Kh1 Bd7
22. Bd3 b5 23. axb5 axb5 24. Nf4 Nhg5 25. Nh5 Bh8 26. Qc2 Qc8 27. Bf4 Rxe1 28.
Rxe1 c4 29. Bf1 b4 30. Nd1 c3 31. bxc3 bxc3 32. Bd3 Ra8 33. Ne3 Ba4 34. Qc1 Bd7
35. Bxg5 Nxg5 36. Nxf5 1-0

[Event "USCL Quarterfinals"]
[Site "Internet Chess Club"]
[Date "2014.11.12"]
[Round "?"]
[White "Miramontes, Robert"]
[Black "Bodek, Michael"]
[Result "0-1"]
[WhiteElo "2221"]
[BlackElo "2502"]
[PlyCount "88"]
[EventDate "2014.??.??"]

1. d4 Nf6 2. Nf3 g6 3. c4 Bg7 4. g3 O-O 5. Bg2 d6 6. O-O Nbd7 7. Nc3 e5 8. d5
Nc5 9. b4 Nfe4 10. Nxe4 Nxe4 11. Bb2 f5 12. Ne1 a5 13. a3 Bd7 14. Qc2 axb4 15.
axb4 Rxa1 16. Bxa1 Qa8 17. Nd3 Qa4 18. Qxa4 Bxa4 19. f4 Nd2 20. Re1 e4 21. Bxg7
Kxg7 22. Nb2 Bb3 23. c5 Ra8 24. cxd6 cxd6 25. Rc1 Ra2 26. Nd1 Bxd1 27. Rxd1 b5
28. Kf2 h5 29. h3 Nc4 30. g4 e3+ 31. Kf3 h4 32. g5 Kf8 33. Bf1 Ke7 34. Kg2 Nd2
35. Rc1 Kd7 36. Kg1 Rb2 37. Ra1 Rxb4 38. Ra7+ Kc8 39. Bg2 Rb1+ 40. Kh2 Re1 41.
Bf3 Nxf3+ 42. exf3 e2 43. Re7 b4 44. Kg2 b3 0-1

[Event "USCL Quarterfinals"]
[Site "Internet Chess Club"]
[Date "2014.11.12"]
[Round "?"]
[White "Rozman, Levy"]
[Black "Andretta, Carlos Gaston"]
[Result "1/2-1/2"]
[WhiteElo "2382"]
[BlackElo "2228"]
[PlyCount "120"]
[EventDate "2014.??.??"]

1. d4 Nf6 2. Bg5 e6 3. Nd2 c5 4. e3 Be7 5. Bd3 cxd4 6. exd4 b6 7. Ngf3 Bb7 8.
Bxf6 Bxf6 9. Qe2 Nc6 10. c3 Ne7 11. Ne4 Bxe4 12. Qxe4 d5 13. Bb5+ Kf8 14. Qe2
Qc7 15. Bd3 Ng6 16. g3 Ne7 17. h4 h5 18. O-O-O g6 19. Kb1 Kg7 20. Rhg1 a6 21.
g4 hxg4 22. Rxg4 b5 23. Rdg1 Rh5 24. Bc2 Rah8 25. a4 bxa4 26. Qxa6 Rb8 27. Kc1
Rhh8 28. Qxa4 Ra8 29. Qb5 Rhb8 30. Qd3 Ra2 31. b3 Kf8 32. Ng5 Bxg5+ 33. Rxg5
Nf5 34. R5g4 Ra1+ 35. Kb2 Rxg1 36. Rxg1 Qh2 37. Qf1 Nd6 38. Bd3 Qxh4 39. Rh1
Qf6 40. Qe2 Ke7 41. Ra1 Qf4 42. Ra7+ Kf6 43. Ra6 Nf5 44. Bxf5 Qxf5 45. b4 Rh8
46. Ra2 Rh1 47. Kb3 Rb1+ 48. Rb2 Rxb2+ 49. Kxb2 Ke7 50. b5 Kd7 51. Ka3 Qb1 52.
Qf3 f5 53. Ka4 Qa2+ 54. Kb4 Qb2+ 55. Kc5 Qa3+ 56. Kb6 Qd6+ 57. Kb7 Qc7+ 58. Ka6
Qd6+ 59. Kb7 Qc7+ 60. Ka6 Qd6+ 1/2-1/2

[Event "USCL Quarterfinals"]
[Site "Internet Chess Club"]
[Date "2014.11.12"]
[Round "?"]
[White "Brodsky, David"]
[Black "Vasquez III, Simon"]
[Result "0-1"]
[WhiteElo "2249"]
[BlackElo "2169"]
[PlyCount "98"]
[EventDate "2014.??.??"]

1. e4 c5 2. Nf3 g6 3. d4 cxd4 4. Nxd4 Nc6 5. c4 Nf6 6. Nc3 d6 7. Be2 Nxd4 8.
Qxd4 Bg7 9. Be3 O-O 10. Qd2 Be6 11. O-O Qa5 12. Rab1 Rfc8 13. b3 a6 14. Rfc1
Nd7 15. Nd5 Qxd2 16. Bxd2 Bxd5 17. exd5 Nc5 18. f3 Bd4+ 19. Kf1 Kg7 20. Bc3
Bxc3 21. Rxc3 Nd7 22. f4 Rc7 23. Re3 Re8 24. Re1 h6 25. h4 h5 26. Bd3 Nf6 27.
Rg3 Ng4 28. Be2 f5 29. Bxg4 hxg4 30. Rge3 Kf7 31. Re6 b5 32. cxb5 axb5 33. h5
gxh5 34. Rh6 Rc5 35. Rd1 Kg7 36. Rxh5 Kg6 37. Rh1 Rec8 38. Ke2 Rc2+ 39. Kd3
Rxg2 40. Rde1 Rg3+ 41. Kd2 Rh3 42. Rxh3 gxh3 43. Rh1 Rc5 44. Rxh3 Rxd5+ 45. Kc3
e5 46. fxe5 dxe5 47. a4 bxa4 48. bxa4 f4 49. Kb4 e4 0-1

[Event "USCL Quarterfinals"]
[Site "Internet Chess Club"]
[Date "2014.11.12"]
[Round "?"]
[White "Larson, Matthew"]
[Black "Katz, Alexander"]
[Result "1-0"]
[WhiteElo "2251"]
[BlackElo "2380"]
[PlyCount "119"]
[EventDate "2014.??.??"]

1. d4 Nf6 2. c4 e6 3. Nc3 Bb4 4. f3 d5 5. a3 Be7 6. e4 dxe4 7. fxe4 e5 8. d5
Bc5 9. Bg5 Bg4 10. Be2 Bxe2 11. Qxe2 Nbd7 12. Nf3 h6 13. Bh4 Qe7 14. O-O-O a5
15. Bf2 O-O 16. Bxc5 Qxc5 17. Nd2 c6 18. Kb1 Rfb8 19. Rc1 b5 20. dxc6 b4 21.
cxd7 bxc3 22. Rxc3 Nxd7 23. Qd3 Nb6 24. Qe3 Qc6 25. Rhc1 Na4 26. Rb3 Rxb3 27.
Nxb3 Rb8 28. Rc2 Qd6 29. c5 Qd1+ 30. Nc1 Rc8 31. Qb3 Qd4 32. Rc4 Nxc5 33. Qc2
Qg1 34. Ka2 Kh7 35. Nd3 Nxd3 36. Rxc8 Ne1 37. Qe2 Nxg2 38. Qh5 Qf2 39. Qxe5 Ne3
40. Qxa5 Qxh2 41. Qc5 Qf4 42. Re8 g5 43. a4 g4 44. Qf8 Kg6 45. a5 Qc7 46. Qb4
Nc4 47. a6 Nb6 48. Qb5 g3 49. Rg8+ Kf6 50. e5+ Ke6 51. Rxg3 Nd5 52. Rd3 Ne7 53.
Rd6+ Kf5 54. Rd7 Qc2 55. Rxe7 f6 56. exf6+ Kg6 57. Qe8+ Kg5 58. Rg7+ Kh4 59.
Qe1+ Kh5 60. Qh1+ 1-0

[Event "USCL Quarterfinals"]
[Site "Internet Chess Club"]
[Date "2014.11.12"]
[Round "?"]
[White "Benjamin, Joel"]
[Black "Quang, Le Quang"]
[Result "1/2-1/2"]
[WhiteElo "2634"]
[BlackElo "2778"]
[PlyCount "156"]
[EventDate "2014.??.??"]

1. e4 c5 2. Nf3 d6 3. Bc4 Nf6 4. d3 Nc6 5. c3 g6 6. O-O Bg7 7. h3 O-O 8. Bb3 b6
9. Re1 Ba6 10. Bc2 Rc8 11. Nbd2 Nd7 12. Nf1 Nde5 13. N3h2 b5 14. a3 Bb7 15. Ne3
a5 16. d4 cxd4 17. cxd4 Nd7 18. Nf3 e5 19. d5 Nd4 20. Nxd4 exd4 21. Ng4 h5 22.
Nh2 Qb6 23. Nf3 b4 24. axb4 axb4 25. Bd3 Nc5 26. Bf4 Rfe8 27. Rc1 b3 28. Qd2
Ba6 29. Bxa6 Qxa6 30. Nxd4 Qd3 31. Nc6 Qxd2 32. Bxd2 Bxb2 33. Rc4 Bf6 34. f4
Nd3 35. Rb1 b2 36. Bc3 Bxc3 37. Rxc3 Nxf4 38. Rxb2 Kg7 39. Rc4 Ra8 40. Rf2 Nd3
41. Rf3 Ne5 42. Nxe5 Rxe5 43. Rc7 Rxe4 44. Rcxf7+ Kh6 45. R7f6 Ra1+ 46. Kh2 h4
47. R3f4 Rxf4 48. Rxf4 Kg5 49. Rd4 Re1 50. Rg4+ Kh5 51. Rd4 g5 52. Rd2 Kg6 53.
g4 hxg3+ 54. Kxg3 Re3+ 55. Kg4 Re4+ 56. Kf3 Kf5 57. Rd1 Rh4 58. Kg3 Ke5 59. Rd2
Ra4 60. Rd1 Rf4 61. Rd2 Kf5 62. Rd1 g4 63. hxg4+ Rxg4+ 64. Kf3 Ra4 65. Ke3 Ke5
66. Rd3 Re4+ 67. Kf3 Rd4 68. Rxd4 Kxd4 69. Ke2 Kxd5 70. Kd3 Ke5 71. Ke3 d5 72.
Kd3 d4 73. Kd2 Ke4 74. Ke2 d3+ 75. Kd2 Kd4 76. Kd1 Ke3 77. Ke1 d2+ 78. Kd1 Kd3
1/2-1/2

[Event "USCL Quarterfinals"]
[Site "Internet Chess Club"]
[Date "2014.11.12"]
[Round "?"]
[White "Ramachandran, Karthik"]
[Black "Banik, Siddharth"]
[Result "1-0"]
[WhiteElo "2257"]
[BlackElo "2236"]
[PlyCount "121"]
[EventDate "2014.??.??"]

1. d4 Nf6 2. c4 e6 3. Nc3 Bb4 4. e3 O-O 5. Nge2 Re8 6. a3 Bf8 7. Ng3 d5 8. Be2
c6 9. O-O Nbd7 10. cxd5 exd5 11. Rb1 g6 12. b4 h5 13. Bd3 Bd6 14. Qc2 Nf8 15.
h3 Ne6 16. Bxg6 fxg6 17. Qxg6+ Ng7 18. e4 Bxg3 19. fxg3 Re6 20. e5 Nfe8 21.
Qf7+ Kh8 22. Qf8+ Kh7 23. h4 Qe7 24. Qf3 Rg6 25. Qd3 Qe6 26. Ne2 Qg4 27. Rb3
Bf5 28. Qd2 Qe4 29. Nf4 Rg4 30. Kh2 Qc2 31. Qe3 Be4 32. Rc3 Nf5 33. Qe1 Qa2 34.
Rf2 Qb1 35. Nxh5 a5 36. bxa5 Rxa5 37. Rb2 Qa1 38. Rxb7+ Kg8 39. Rxc6 Qa2 40.
Nf6+ Kf8 41. Nxe4 dxe4 42. Qxa5 Nxh4 43. Qb4+ Kg8 44. Qb3+ Qxb3 45. Rxb3 Nf5
46. Rc8 Nfg7 47. Bh6 Kf7 48. Rb7+ Kg6 49. Bxg7 Nxg7 50. Rg8 e3 51. Rgxg7+ Kf5
52. Rbf7+ Ke4 53. Rxg4+ Kd3 54. Rf3 Kd2 55. Rxe3 Kxe3 56. e6 Kf2 57. Rf4+ Ke2
58. e7 Kd2 59. e8=Q Kc2 60. Qe3 Kb2 61. Rf2+ 1-0

[Event "USCL Quarterfinals"]
[Site "Internet Chess Club"]
[Date "2014.11.12"]
[Round "?"]
[White "Panchanatham, Vignesh"]
[Black "Guadalupe II, Francisco"]
[Result "0-1"]
[WhiteElo "2332"]
[BlackElo "2351"]
[PlyCount "122"]
[EventDate "2014.??.??"]

1. d4 d5 2. c4 e6 3. Nc3 Nf6 4. cxd5 exd5 5. Bg5 Be7 6. e3 c6 7. Bd3 Nbd7 8.
Nf3 O-O 9. O-O Re8 10. Qc2 h6 11. Bh4 b6 12. Rab1 Bb7 13. b4 a5 14. bxa5 Rxa5
15. a4 Ne4 16. Bxe4 dxe4 17. Qxe4 g5 18. Bg3 Bb4 19. Qc2 Bxc3 20. Qxc3 Rxa4 21.
Rfd1 Re6 22. Qc2 Qa8 23. h4 Ra5 24. d5 Rxd5 25. Rxd5 cxd5 26. hxg5 hxg5 27.
Nxg5 Rg6 28. Qc7 Rxg5 29. Qxd7 Rg6 30. Qh3 Qc8 31. Qh5 Qc2 32. Re1 Qe4 33. f3
Qb4 34. Qe5 Bc6 35. Rc1 Qf8 36. Kf2 Qe8 37. Qd4 b5 38. Rh1 f6 39. Qh4 Kf7 40.
Ra1 Kg8 41. Qh5 Rg7 42. Qh4 Qg6 43. Rc1 Bd7 44. Qf4 Qd3 45. Ra1 Qd2+ 46. Kg1 d4
47. Qxf6 Qxe3+ 48. Bf2 Qg5 49. Ra8+ Kh7 50. Qxg5 Rxg5 51. Bxd4 Rd5 52. Bc3 Kg6
53. Kf2 Rc5 54. Bd2 Rc2 55. Ke3 Be6 56. g4 Bd5 57. f4 Bxa8 58. f5+ Kf7 59. g5
Rc4 60. Be1 Re4+ 61. Kd2 Rf4 0-1

[Event "USCL Quarterfinals"]
[Site "Internet Chess Club"]
[Date "2014.11.12"]
[Round "?"]
[White "Naroditsky, Daniel"]
[Black "Holt, Conrad"]
[Result "1-0"]
[WhiteElo "2675"]
[BlackElo "2664"]
[PlyCount "111"]
[EventDate "2014.??.??"]

1. c4 c6 2. e4 d5 3. cxd5 cxd5 4. exd5 Nf6 5. Nc3 Nxd5 6. Nf3 e6 7. d4 Bb4 8.
Qc2 Nc6 9. a3 Ba5 10. Bd2 O-O 11. Bd3 h6 12. O-O Bd7 13. Bc4 Nce7 14. Ne5 Bc6
15. Ba2 Nf6 16. Be3 Rc8 17. Qd3 Bxc3 18. bxc3 Be4 19. Qd2 Nf5 20. f3 Bd5 21. c4
Nxe3 22. Qxe3 Bc6 23. f4 Qd6 24. f5 Rcd8 25. fxe6 fxe6 26. Rad1 Rfe8 27. Bb1
Rf8 28. Ba2 Rfe8 29. Rf4 Qc7 30. Rdf1 Rf8 31. Qg3 Nd7 32. Ng4 Rf6 33. Nxf6+
Nxf6 34. Bb1 b5 35. Qe3 Qf7 36. c5 Nd5 37. Rxf7 Nxe3 38. R1f4 Nxg2 39. Rf2 Nh4
40. R7f4 Nf5 41. Bxf5 exf5 42. Rxf5 Rxd4 43. Rf8+ Kh7 44. Rc8 Bd5 45. Rc2 Rg4+
46. Kf1 Rf4+ 47. Ke1 Re4+ 48. Kd2 Bb3 49. Rc3 Bc4 50. c6 Re6 51. c7 Rc6 52. Re3
b4 53. axb4 Ba6 54. Rce8 Rxc7 55. R8e7 Rc4 56. Rg3 1-0

[Event "USCL Quarterfinals"]
[Site "Internet Chess Club"]
[Date "2014.11.12"]
[Round "?"]
[White "Xiong, Jeffery"]
[Black "Liou, Yian"]
[Result "1-0"]
[WhiteElo "2542"]
[BlackElo "2475"]
[PlyCount "145"]
[EventDate "2014.??.??"]

1. e4 e5 2. Nf3 Nc6 3. Bb5 a6 4. Ba4 Nf6 5. O-O Be7 6. Bxc6 dxc6 7. d3 Nd7 8.
Nbd2 c5 9. Nc4 f6 10. Nh4 O-O 11. Nf5 Nb6 12. Nce3 g6 13. Nxe7+ Qxe7 14. b3 Be6
15. Bb2 Qd6 16. Qf3 Nd7 17. Qg3 Rf7 18. f4 Rg7 19. fxe5 fxe5 20. Rf2 Re8 21. h3
b6 22. Rd1 Ree7 23. Rdd2 Re8 24. Nf1 Bf7 25. Nh2 Kh8 26. Rd1 Bg8 27. Rdf1 Re6
28. Ng4 h5 29. Nh2 Rge7 30. Nf3 Re8 31. Qg5 Qe7 32. Qh6+ Qh7 33. Qe3 Qg7 34.
Bc3 a5 35. a3 R6e7 36. Ng5 Rf8 37. Rxf8 Nxf8 38. Qg3 Nd7 39. Qh4 Re8 40. Rf3 a4
41. bxa4 c4 42. g4 Nf6 43. d4 Nxe4 44. Nxe4 Bd5 45. gxh5 g5 46. h6 Qg6 47. Qxg5
Bxe4 48. Qxg6 Bxg6 49. dxe5 Kh7 50. Rf4 Kxh6 51. Rxc4 Re7 52. Kf2 Kh7 53. Bb2
Bf5 54. Kg3 Be6 55. Rf4 Bd7 56. Bc3 Kg8 57. h4 Re6 58. Rc4 Rg6+ 59. Kf2 c5 60.
a5 Be6 61. Rf4 bxa5 62. Bxa5 Bd5 63. c4 Bb7 64. Bc7 Rg2+ 65. Kf1 Rc2 66. e6
Rxc4 67. Rxc4 Ba6 68. e7 Bxc4+ 69. Ke1 Bb5 70. Bd6 c4 71. Kd2 Kf7 72. Kc3 Ke6
73. h5 1-0